000 00678nam a2200253Ia 4500
003 OSt
005 20221006142537.0
006 a|||||r|||| 00| 0
007 ta
008 221006b |||||||| |||| 00| 0 eng d
020 _c
_4.95
024 _a6,564
037 _cTextual
040 _aEASL
_cEASL
_beng
041 _2eng
_aeng
082 _aY:4:62.41S, K6
100 _aGilkey Langdon
_9647910
245 0 _aShantung compound
_b The story of men and women under pressure
260 _aNew York
_bHarper & Row
_c1966
300 _a252p.
_ccm.
490 _v Oth
942 _hY:4:62.41S, K6
_cTEXL
_2CC
999 _c1074650
_d1074650